000 00528cam a22002171 4500
001 sa 68017917
003 DLC
005 20260227112707.0
008 890724s1965 ce 000 0 sino
010 _asa 68017917
035 _a(OCoLC)20059952
040 _aDLC
_cWaU
_dDLC
042 _apremarc
050 0 0 _aAG243
_b.D63
100 1 _aDodampegama, Benedict.
245 1 0 _aPudumayi! ēt āttayi.
260 _c[1965]
300 _aiii, 88 p.
_c18 cm.
500 _aIn Sinhalese.
650 0 _aCuriosities and wonders.
999 _c88057
_d88057